000 01028nam a2200205 i 4500
001 172449
003 ES-MaACL
005 20230906214922.0
008 090707s17951916fr |||| | fre d
080 _a518.2(083.5)
100 0 _aCallet, François.
_933751
245 1 0 _aTables portatives de logarithmes contenant les logarithmes des nombres depuis 1 jusqu'à 108 000, les logarithmes des sinus et des tangentes...
_b; précédées d'un discours préliminaire sur l'Explication, l'Usage et la Sommation des Logarithmes... suivies de nouvelles tables plus approchées... /
_cpar François Callet ; entièrement revues et corrigees par M. Saigey.
250 _aÉd. stéréotype / gravée, fondue et imprimée par Firmim Didot.
260 _aParis :
_bFirmin Didot,
_c1795 (
_gtirage 1916)
300 _aa-h, 118, [2], 680 p., [1] h. pleg., [1] p. de lám. :
_bdiagr. ;
_c25 cm.
650 4 _aAlgoritmos.
_99721
700 0 _aSaigey, M.
_9101491
700 1 _aDidot, Firmin.
_9126797
852 _aES-MaACL
_jE-12763
_9R.143722
999 _c172449
_d172449